[Event "60o Campeonato Brasileiro Feminino Final Aberta"]
[Site "Cuiaba MT"]
[Date "2021.11.02"]
[Round "8"]
[Board "16"]
[White "Campagnolo, Fabiola"]
[Black "Braga, Debora Abade"]
[Result "1-0"]
[WhiteElo "1677"]
[BlackElo "1480"]
[PlyCount "117"]
[EventDate "2021.10.28"]
[EventRounds "11"]
[EventCountry "BRA"]

1. e4 c6 2. d4 d5 3. Nc3 dxe4 4. Nxe4 Bf5 5. Ng3 Bg6 6. Nf3 h6 7. Ne5 Bh7 8.
Qg4 g6 9. Bc4 e6 10. Qf3 Nf6 11. c3 Qe7 12. h4 Nbd7 13. Nd3 Bg7 14. Ne2 Nd5 15.
Bb3 Qf6 16. Qh3 Qe7 17. c4 N5f6 18. Bd2 Ne4 19. Bb4 Nd6 20. Qh2 e5 21. O-O-O
O-O 22. Bxd6 Qxd6 23. dxe5 Nxe5 24. Nxe5 Qxe5 25. Qxe5 Bxe5 26. f4 Bf6 27. g4
Rfe8 28. Rh2 Re7 29. Bc2 Bg7 30. Nd4 Rae8 31. Rg2 c5 32. Nb5 a6 33. Nd6 Rd8 34.
Rh2 Kf8 35. Rhh1 Kg8 36. Rh3 Red7 37. Rhd3 Bd4 38. Ne4 Kg7 39. Nxc5 Rc7 40.
Rxd4 Rxd4 41. Rxd4 Rxc5 42. b4 Rc7 43. Kd2 f6 44. Be4 f5 45. Bd5 Rd7 46. Kd3 h5
47. a4 Kf8 48. c5 Ke7 49. Kc4 Rc7 50. b5 b6 51. bxa6 Rxc5+ 52. Kb4 Ra5 53. Bc4
Kf8 54. Bb5 Bg8 55. Rd8+ Kg7 56. Rb8 Bd5 57. Rxb6 Rxb5+ 58. axb5 Kf7 59. Rb8
 1-0

[Event "60o Campeonato Brasileiro Feminino Final Aberta"]
[Site "Cuiaba MT"]
[Date "2021.11.02"]
[Round "8"]
[Board "17"]
[White "Almeida, Bianca Martins"]
[Black "Penha, Evelyn Maximiano"]
[Result "1/2-1/2"]
[WhiteElo "1262"]
[BlackElo "1672"]
[PlyCount "120"]
[EventDate "2021.10.28"]
[EventRounds "11"]
[EventCountry "BRA"]

1. e4 c5 2. Nf3 a6 3. Bc4 b5 4. Bd5 Ra7 5. e5 e6 6. Be4 d5 7. Bd3 g6 8. Be2 Bg7
9. d4 c4 10. O-O Ne7 11. Bg5 O-O 12. Bxe7 Qxe7 13. c3 Nc6 14. a4 b4 15. b3 Na5
16. bxc4 Nxc4 17. cxb4 Qxb4 18. Bxc4 Qxc4 19. Nbd2 Qc7 20. Qe2 a5 21. Rfc1 Qb8
22. Nb1 Ba6 23. Qd2 Bc4 24. Na3 Rc8 25. Rab1 Qa8 26. Nxc4 Rxc4 27. Rxc4 dxc4
28. Qc3 Qc6 29. Rb3 Rb7 30. Rxb7 Qxb7 31. Qxc4 Qb1+ 32. Qf1 Qb4 33. Qd1 Bh6 34.
g3 Qc3 35. Kg2 Kg7 36. d5 exd5 37. Qxd5 Qb4 38. Qd7 Qe4 39. Qb5 Bd2 40. h4 Bb4
41. Qb6 h6 42. Qf6+ Kg8 43. Qf4 Qxf4 44. gxf4 Kf8 45. Kg3 Ke7 46. Nd4 Bc3 47.
Ne2 Bb4 48. Kg4 f6 49. f5 gxf5+ 50. Kxf5 fxe5 51. Kxe5 Be1 52. h5 Bxf2 53. Nc3
Bg3+ 54. Kf5 Kf7 55. Nd5 Bh2 56. Nf6 Bf4 57. Ng4 Bg5 58. Ne5+ Kg7 59. Ke6 Bd2
60. Ng4 Bc1  1/2-1/2

[Event "60o Campeonato Brasileiro Feminino Final Aberta"]
[Site "Cuiaba MT"]
[Date "2021.11.02"]
[Round "8"]
[Board "18"]
[White "Bonfim, Regina Rodrigues"]
[Black "Da Silva, Debora Oliveira Lopes"]
[Result "1-0"]
[WhiteElo "1702"]
[BlackElo "1389"]
[PlyCount "54"]
[EventDate "2021.10.28"]
[EventRounds "11"]
[EventCountry "BRA"]

1. d4 d5 2. c4 e6 3. Nf3 Nf6 4. Bg5 Be7 5. Nc3 c6 6. e3 Nbd7 7. Bd3 Qc7 8. O-O
h6 9. Bh4 e5 10. cxd5 Nxd5 11. Bxe7 Nxe7 12. Rc1 O-O 13. Bb1 b5 14. Nxb5 Qb8
15. Nc3 Rd8 16. Qc2 f5 17. dxe5 Nxe5 18. Nxe5 Qxe5 19. Rfd1 Re8 20. Qd3 Be6 21.
Qd6 Qf6 22. Qd4 Qf7 23. b3 Red8 24. Qc5 Rdc8 25. e4 f4 26. f3 Rd8 27. Rd6 h5
 1-0

[Event "60o Campeonato Brasileiro Feminino Final Aberta"]
[Site "Cuiaba MT"]
[Date "2021.11.02"]
[Round "8"]
[Board "19"]
[White "Oliveira, Emanuelle Alves"]
[Black "Dull, Amanda Paul"]
[Result "1-0"]
[WhiteElo "1683"]
[BlackElo "1847"]
[PlyCount "65"]
[EventDate "2021.10.28"]
[EventRounds "11"]
[EventCountry "BRA"]

1. d4 Nf6 2. e3 g6 3. Bd3 Bg7 4. Nd2 d5 5. Ngf3 c5 6. c3 O-O 7. O-O Nc6 8. dxc5
a5 9. a4 e5 10. e4 Bg4 11. h3 Bxf3 12. Qxf3 d4 13. Nb3 dxc3 14. bxc3 Qc7 15.
Rd1 Nd8 16. Bg5 Nd7 17. Be7 Re8 18. Bd6 Qc8 19. Bb5 Nc6 20. Rd2 b6 21. Bc4 Nd8
22. Bd5 Ra7 23. c6 Nf6 24. Qe3 Nxc6 25. Qxb6 Ra6 26. Qb5 Nd7 27. Qc4 Kh8 28.
Bxf7 Rd8 29. Rad1 Ra8 30. Bd5 Na7 31. Qc7 Nf6 32. Bxa8 Qxa8 33. Bxe5  1-0

[Event "60o Campeonato Brasileiro Feminino Final Aberta"]
[Site "Cuiaba MT"]
[Date "2021.11.02"]
[Round "8"]
[Board "20"]
[White "Muraoka, Karoline Aimy"]
[Black "Mayara Sibowicz, Giovanna"]
[Result "1/2-1/2"]
[WhiteElo "1821"]
[BlackElo "1683"]
[PlyCount "73"]
[EventDate "2021.10.28"]
[EventRounds "11"]
[EventCountry "BRA"]

1. e4 e5 2. Nf3 Nc6 3. Bb5 Nf6 4. O-O Nxe4 5. Re1 Nd6 6. Bxc6 dxc6 7. Nxe5 Be7
8. d3 O-O 9. Nd2 Nf5 10. Nf1 Nh4 11. h3 Ng6 12. Nf3 Re8 13. Ng3 Bd6 14. Bg5 f6
15. Rxe8+ Qxe8 16. Bd2 Ne5 17. a3 Nxf3+ 18. Qxf3 Bd7 19. Re1 Qf8 20. d4 Re8 21.
Rxe8 Qxe8 22. Qe3 Qg6 23. c4 Qb1+ 24. Kh2 Qxb2 25. c5 Bf8 26. Bc1 Qc2 27. Qd2
Qxd2 28. Bxd2 b6 29. Be3 Kf7 30. Ne2 Ke6 31. Nc3 Be7 32. g4 h6 33. f4 f5 34. g5
hxg5 35. fxg5 g6 36. Kg3 Bf8 37. Ne2  1/2-1/2

[Event "60o Campeonato Brasileiro Feminino Final Aberta"]
[Site "Cuiaba MT"]
[Date "2021.11.02"]
[Round "9"]
[Board "1"]
[White "Nunes, Agatha Hurba"]
[Black "Terao, Juliana Sayumi"]
[Result "0-1"]
[WhiteElo "1797"]
[BlackElo "2252"]
[PlyCount "82"]
[EventDate "2021.10.28"]
[EventRounds "11"]
[EventCountry "BRA"]

1. d4 Nf6 2. c4 e6 3. Nc3 Bb4 4. e3 O-O 5. Bd3 d5 6. cxd5 exd5 7. Nge2 Re8 8.
O-O b6 9. a3 Bf8 10. b4 Bb7 11. Qc2 Nbd7 12. f3 c5 13. bxc5 bxc5 14. Bb5 a6 15.
Ba4 Qc7 16. Qf5 g6 17. Qf4 Bd6 18. Qh4 Bc6 19. Bxc6 Qxc6 20. Bd2 Be7 21. Qh3
Rab8 22. f4 Rb2 23. Be1 Bf8 24. f5 Bg7 25. fxg6 hxg6 26. dxc5 Nxc5 27. Nd4 Qd6
28. Bh4 Qe5 29. Bxf6 Bxf6 30. Nxd5 Qxd5 31. Rxf6 Rxe3 32. Nf3 Ree2 33. Rf1
Rxg2+ 34. Qxg2 Rxg2+ 35. Kxg2 Ne6 36. Kg1 Kg7 37. Ne1 Ng5 38. h4 Qd4+ 39. Kh1
Qxh4+ 40. Kg1 Qg3+ 41. Kh1 Qxa3  0-1

[Event "60o Campeonato Brasileiro Feminino Final Aberta"]
[Site "Cuiaba MT"]
[Date "2021.11.02"]
[Round "9"]
[Board "2"]
[White "Alboredo, Julia"]
[Black "Ichimura G. Barbosa, Larissa Y."]
[Result "1-0"]
[WhiteElo "2183"]
[BlackElo "2007"]
[PlyCount "177"]
[EventDate "2021.10.28"]
[EventRounds "11"]
[EventCountry "BRA"]

1. d4 Nf6 2. c4 g6 3. Nc3 Bg7 4. e4 d6 5. Be2 O-O 6. Be3 e5 7. d5 Na6 8. g4 Nc5
9. f3 h5 10. g5 Nh7 11. h4 f5 12. Qd2 f4 13. Bf2 a5 14. b3 b6 15. Rb1 Bd7 16.
Bd1 Rf7 17. Nge2 Nf8 18. Nc1 Be8 19. Nd3 Nfd7 20. a3 Nxd3+ 21. Qxd3 Nc5 22. Qd2
Bd7 23. b4 axb4 24. axb4 Nb7 25. Bb3 Rf8 26. Ke2 Kh7 27. Nb5 Bxb5 28. cxb5 Qd7
29. Qd3 Rfc8 30. Ra1 Bf8 31. Rhc1 Be7 32. Qc4 Rab8 33. Ra7 Kg7 34. Bd1 Kf8 35.
Kf1 Nd8 36. Rxc7 Rxc7 37. Qxc7 Qxc7 38. Rxc7 Nf7 39. Ke2 Bd8 40. Ra7 Rc8 41.
Kd2 Rc4 42. Ra4 Ke7 43. Be2 Rc8 44. Ra7+ Ke8 45. Bf1 Rb8 46. Bh3 Be7 47. Ra6
Bd8 48. Be6 Kf8 49. Ra7 Be7 50. Rc7 Ke8 51. Rc6 Ra8 52. Rxb6 Ra2+ 53. Ke1 Ra1+
54. Ke2 Ra2+ 55. Kf1 Ra1+ 56. Kg2 Rb1 57. Rb8+ Nd8 58. Bb6 Rxb4 59. Bc7 Rb2+
60. Kf1 Rb3 61. Kf2 Rb2+ 62. Ke1 Rb3 63. b6 Rxf3 64. b7 Rb3 65. Rxd8+ Bxd8 66.
b8=Q Rxb8 67. Bxb8 Ke7 68. Ba7 Ba5+ 69. Ke2 Bb4 70. Bf2 Ba5 71. Kd3 Bb4 72. Kc4
Bd2 73. Bh3 Bc1 74. Kb5 Ba3 75. Kc6 Bb4 76. Bf1 Ba5 77. Bb6 Bb4 78. Bc7 Bc5 79.
Ba5 Ba3 80. Kb5 Bc5 81. Bb4 Bf2 82. Kc6 Bxh4 83. Bxd6+ Kd8 84. Bxe5 Bxg5 85. d6
f3 86. Bd4 Bh4 87. e5 Ke8 88. e6 Bg5 89. Bd3  1-0

[Event "60o Campeonato Brasileiro Feminino Final Aberta"]
[Site "Cuiaba MT"]
[Date "2021.11.02"]
[Round "9"]
[Board "3"]
[White "Librelato, Kathie Goulart"]
[Black "Martins De Aguiar, Marina"]
[Result "1-0"]
[WhiteElo "2165"]
[BlackElo "1713"]
[PlyCount "55"]
[EventDate "2021.10.28"]
[EventRounds "11"]
[EventCountry "BRA"]

1. d4 Nf6 2. c4 g6 3. Nc3 Bg7 4. e4 d6 5. Nf3 O-O 6. Be2 e5 7. dxe5 dxe5 8.
Qxd8 Rxd8 9. Bg5 Re8 10. Nd5 Nxd5 11. cxd5 c6 12. Bc4 b5 13. Bb3 a5 14. a4 b4
15. Rc1 Bb7 16. O-O h6 17. Be3 Bf8 18. Rfd1 Ra6 19. Bc4 Ra8 20. d6 Nd7 21. Nd2
Ba6 22. Bb3 c5 23. Bxc5 Nxc5 24. Rxc5 Bxd6 25. Rc6 Bf8 26. Rxg6+ Bg7 27. Nf3
Rac8 28. Rxa6  1-0

[Event "60o Campeonato Brasileiro Feminino Final Aberta"]
[Site "Cuiaba MT"]
[Date "2021.11.02"]
[Round "9"]
[Board "4"]
[White "Heinrichs, Vivian"]
[Black "Bail, Ellen Larissa"]
[Result "0-1"]
[WhiteElo "1974"]
[BlackElo "1833"]
[PlyCount "102"]
[EventDate "2021.10.28"]
[EventRounds "11"]
[EventCountry "BRA"]

1. e4 e6 2. Nc3 d5 3. Nf3 d4 4. Ne2 c5 5. c3 dxc3 6. bxc3 Nf6 7. Ng3 Nc6 8. Bb5
Bd7 9. a4 a6 10. Be2 Bd6 11. Qc2 Rc8 12. O-O O-O 13. d3 h6 14. Ba3 Qc7 15. d4
cxd4 16. cxd4 Bxa3 17. Rxa3 Nxd4 18. Qxc7 Nxe2+ 19. Nxe2 Rxc7 20. e5 Nd5 21.
Ned4 Rfc8 22. Raa1 b6 23. Nd2 Nc3 24. a5 b5 25. f3 Rc5 26. Rfe1 R8c7 27. Kf2
Bc8 28. N4b3 Rd5 29. Rac1 Rdd7 30. Re3 Nd5 31. Rxc7 Rxc7 32. Rd3 Rc2 33. Kg3
Rc3 34. Rxc3 Nxc3 35. Nc5 Kf8 36. Kf4 Ke7 37. Ke3 Nd5+ 38. Kd4 Nb4 39. Ndb3
Nc6+ 40. Ke4 f5+ 41. exf6+ gxf6 42. f4 Kd6 43. g3 Nxa5 44. Kd4 Nxb3+ 45. Nxb3
Bd7 46. h4 h5 47. Ke4 Bc6+ 48. Ke3 e5 49. f5 Bd5 50. Na1 a5 51. Kd2 Be4  0-1

[Event "60o Campeonato Brasileiro Feminino Final Aberta"]
[Site "Cuiaba MT"]
[Date "2021.11.02"]
[Round "9"]
[Board "5"]
[White "Frattini, Beatriz Maria"]
[Black "De Freitas, Isabella Ribeiro Conti"]
[Result "1-0"]
[WhiteElo "1880"]
[BlackElo "1863"]
[PlyCount "135"]
[EventDate "2021.10.28"]
[EventRounds "11"]
[EventCountry "BRA"]

1. e4 c6 2. d4 d5 3. Nc3 dxe4 4. Nxe4 Bf5 5. Ng3 Bg6 6. Nf3 Nf6 7. h4 h6 8. h5
Bh7 9. Bd3 Bxd3 10. Qxd3 e6 11. Bd2 Nbd7 12. Ne4 Nxe4 13. Qxe4 Nf6 14. Qe2 Qb6
15. O-O-O a5 16. Rhe1 Qc7 17. Ne5 b5 18. f4 Bb4 19. c3 Bd6 20. f5 Bxe5 21. dxe5
Nd5 22. Qg4 exf5 23. Qxf5 O-O 24. g4 Qc8 25. Qe4 Qe6 26. g5 Ne7 27. gxh6 gxh6
28. Qf4 Kh7 29. Be3 Rfd8 30. Bc5 Nd5 31. Qe4+ Kh8 32. Rf1 Rg8 33. Rf5 a4 34. a3
Rg5 35. Rxg5 hxg5 36. Rf1 Rd8 37. Qf5 Nf4 38. Qxg5 Nd3+ 39. Kb1 Rg8 40. Qe3
Nxc5 41. Qxc5 Qg4 42. Qxc6 Rg7 43. h6 Rg6 44. Qe8+ Rg8 45. Qxf7 Qe4+ 46. Ka1
Qxe5 47. h7 Rg2 48. Qf6+ Qxf6 49. Rxf6 Kxh7 50. Rf5 Rg6 51. Rxb5 Rg1+ 52. Ka2
Rg8 53. Rb4 Ra8 54. Kb1 Kg6 55. Kc2 Kf6 56. Kd3 Ke6 57. Rd4 Rb8 58. Rxa4 Rxb2
59. Rd4 Rb3 60. a4 Ke5 61. Kc4 Rb1 62. a5 Ke6 63. Kc5 Ke7 64. a6 Rb3 65. Rc4
Kd7 66. a7 Ra3 67. Kb6 Rb3+ 68. Rb4  1-0

[Event "60o Campeonato Brasileiro Feminino Final Aberta"]
[Site "Cuiaba MT"]
[Date "2021.11.02"]
[Round "9"]
[Board "6"]
[White "Viaro Baccarin, Natalia"]
[Black "Felix, Luiza De Oliveira"]
[Result "1/2-1/2"]
[WhiteElo "1865"]
[BlackElo "1599"]
[PlyCount "39"]
[EventDate "2021.10.28"]
[EventRounds "11"]
[EventCountry "BRA"]

1. e4 c5 2. Nf3 Nc6 3. d4 cxd4 4. Nxd4 g6 5. c4 Nf6 6. Nc3 d6 7. Nc2 Bg7 8. Be2
O-O 9. O-O Be6 10. Be3 Qa5 11. Rb1 Rfc8 12. b4 Qd8 13. f4 b5 14. c5 dxc5 15.
Qxd8+ Nxd8 16. bxc5 Nd7 17. Nd5 Bxd5 18. exd5 Nxc5 19. Rxb5 Ne4 20. Bd3  1/2-1/2

[Event "60o Campeonato Brasileiro Feminino Final Aberta"]
[Site "Cuiaba MT"]
[Date "2021.11.02"]
[Round "9"]
[Board "7"]
[White "Do Amaral Vailant, Helena Kether"]
[Black "Tamarozi, Isabelle"]
[Result "0-1"]
[WhiteElo "1414"]
[BlackElo "1981"]
[PlyCount "118"]
[EventDate "2021.10.28"]
[EventRounds "11"]
[EventCountry "BRA"]

1. e4 c5 2. Nc3 g6 3. d4 Bg7 4. Be3 Qb6 5. Nb5 cxd4 6. Bxd4 Bxd4 7. Qxd4 Qxd4
8. Nxd4 d6 9. Nb5 Na6 10. O-O-O Nf6 11. Nc3 Nc5 12. Bb5+ Kf8 13. f3 Be6 14. Nd5
Bxd5 15. exd5 a6 16. Be2 b5 17. Nh3 Kg7 18. f4 Rhc8 19. g4 Nfd7 20. Nf2 Nb6 21.
Bf3 Nca4 22. h4 Nc4 23. Nd3 a5 24. Rh2 Nab6 25. h5 Ne3 26. Re1 Nexd5 27. hxg6
hxg6 28. Reh1 Rh8 29. Rxh8 Rxh8 30. Rxh8 Kxh8 31. b3 Kg7 32. Kd2 Kf6 33. a3 e5
34. fxe5+ dxe5 35. Nb2 Kg5 36. c4 bxc4 37. Nxc4 Nxc4+ 38. bxc4 Nc7 39. Ke3 f5
40. gxf5 gxf5 41. a4 Ne6 42. Bc6 Kg4 43. Bd5 Nc5 44. Bc6 Kg3 45. Bd7 f4+ 46.
Ke2 Kg2 47. Bc6+ e4 48. Be8 f3+ 49. Ke3 f2 50. Kd4 f1=Q 51. Kxc5 Qf8+ 52. Kb5
Qxe8+ 53. Kxa5 Qc6 54. Kb4 e3 55. a5 e2 56. c5 e1=Q+ 57. Kc4 Qee4+ 58. Kc3
Qxc5+ 59. Kd2 Qcc2#  0-1

[Event "60o Campeonato Brasileiro Feminino Final Aberta"]
[Site "Cuiaba MT"]
[Date "2021.11.02"]
[Round "9"]
[Board "8"]
[White "Sandrim Juliao, Tais"]
[Black "Medeiros, Thauane Ferreira"]
[Result "0-1"]
[WhiteElo "1712"]
[BlackElo "1896"]
[PlyCount "87"]
[EventDate "2021.10.28"]
[EventRounds "11"]
[EventCountry "BRA"]

1. Nf3 d5 2. c4 c6 3. b4 Nf6 4. Bb2 Bf5 5. e3 e6 6. a3 a5 7. b5 dxc4 8. Bxc4
Bd3 9. Qb3 Bxc4 10. Qxc4 cxb5 11. Qxb5+ Qd7 12. Nc3 Nc6 13. O-O Be7 14. Rac1
O-O 15. Rfd1 Rfd8 16. d4 a4 17. h3 Ra5 18. Qe2 Qe8 19. Rb1 Qf8 20. Nb5 Ne4 21.
Qd3 Nd6 22. Nxd6 Bxd6 23. Bc1 Qe7 24. Ne1 e5 25. Nc2 e4 26. Qe2 Rg5 27. Rb5 Rg6
28. Qc4 Qh4 29. Kf1 Rf6 30. Rd2 Bg3 31. Qe2 Bxf2 32. Qxf2 Rxf2+ 33. Rxf2 Qe7
34. Bd2 Qe6 35. Rxb7 Nxd4 36. Nb4 Nf5 37. g4 Nd6 38. Rb6 h5 39. Rg2 hxg4 40.
hxg4 Qb3 41. Nd5 Qxd5 42. Bb4 Qd3+ 43. Kf2 Nc4 44. Rb7  0-1

[Event "60o Campeonato Brasileiro Feminino Final Aberta"]
[Site "Cuiaba MT"]
[Date "2021.11.02"]
[Round "9"]
[Board "9"]
[White "Kikuchi Cadilhac, Mariana Sawae"]
[Black "De Souza, Eliana Aparecida"]
[Result "1-0"]
[WhiteElo "1762"]
[BlackElo "1673"]
[PlyCount "87"]
[EventDate "2021.10.28"]
[EventRounds "11"]
[EventCountry "BRA"]

1. e4 c5 2. Nf3 Nc6 3. d4 cxd4 4. Nxd4 e5 5. Nb5 a6 6. Nd6+ Bxd6 7. Qxd6 Qe7 8.
Qd1 Nf6 9. Nc3 h6 10. Be3 O-O 11. Qd2 Qb4 12. a3 Qa5 13. f3 b5 14. Bc5 b4 15.
Qd6 Rd8 16. Bxb4 Nxb4 17. Qxb4 Qxb4 18. axb4 d5 19. exd5 Nxd5 20. O-O-O Bb7 21.
Nxd5 Bxd5 22. Bd3 a5 23. b5 Rab8 24. Rhe1 f6 25. Be4 Bc4 26. Rxd8+ Rxd8 27. b6
Rb8 28. b3 Ba6 29. Kb2 Rxb6 30. Ra1 Kf8 31. Rxa5 Ke7 32. Rc5 Kd6 33. Rd5+ Ke7
34. Bd3 Ke6 35. Rd8 Ke7 36. Ra8 Bxd3 37. cxd3 f5 38. Ra4 g5 39. Kc3 Kd6 40. g3
Kc5 41. Ra5+ Kd6 42. f4 gxf4 43. gxf4 e4 44. Rxf5  1-0

[Event "60o Campeonato Brasileiro Feminino Final Aberta"]
[Site "Cuiaba MT"]
[Date "2021.11.02"]
[Round "9"]
[Board "10"]
[White "Rodio, Julia Brunetto"]
[Black "Flores, Clarice Soares Leite"]
[Result "1/2-1/2"]
[WhiteElo "1788"]
[BlackElo "1656"]
[PlyCount "66"]
[EventDate "2021.10.28"]
[EventRounds "11"]
[EventCountry "BRA"]

1. e4 c5 2. Nc3 Nc6 3. g3 g6 4. Bg2 Bg7 5. d3 d6 6. f4 e6 7. Nf3 Nge7 8. O-O
O-O 9. Be3 b6 10. Qd2 d5 11. exd5 exd5 12. Bf2 Ba6 13. Rfe1 d4 14. Ne4 h6 15.
Qd1 Qc7 16. Ned2 Rad8 17. Nc4 Bb7 18. a4 Rfe8 19. Qd2 Nd5 20. Rxe8+ Rxe8 21.
Re1 Rxe1+ 22. Qxe1 Nde7 23. Qe2 a6 24. Be1 b5 25. axb5 axb5 26. Na5 Nxa5 27.
Bxa5 Bxf3 28. Bxf3 Qxa5 29. Qxe7 Bf8 30. Qe8 Qa2 31. Kg2 b4 32. Qd7 Qe6 33.
Qxe6 fxe6  1/2-1/2

[Event "60o Campeonato Brasileiro Feminino Final Aberta"]
[Site "Cuiaba MT"]
[Date "2021.11.02"]
[Round "9"]
[Board "11"]
[White "Campagnolo, Fabiola"]
[Black "Menezes, Grasielle Da Silv"]
[Result "1/2-1/2"]
[WhiteElo "1677"]
[BlackElo "1868"]
[PlyCount "44"]
[EventDate "2021.10.28"]
[EventRounds "11"]
[EventCountry "BRA"]

1. d4 g6 2. e4 d6 3. f4 Bg7 4. Nf3 Bg4 5. c3 e5 6. Be2 Nd7 7. Be3 Qe7 8. Nbd2
Ngf6 9. Qc2 O-O 10. O-O-O Rfe8 11. h3 exf4 12. Bxf4 Bf5 13. exf5 Qxe2 14. fxg6
hxg6 15. Nb3 Qxc2+ 16. Kxc2 Re2+ 17. Rd2 Rae8 18. Nc1 Rxd2+ 19. Nxd2 Nd5 20.
Rf1 Nxf4 21. Rxf4 Nf6 22. Rf2 Nd5  1/2-1/2

[Event "60o Campeonato Brasileiro Feminino Final Aberta"]
[Site "Cuiaba MT"]
[Date "2021.11.02"]
[Round "9"]
[Board "12"]
[White "Zago, Caroline Datora"]
[Black "Nakata, Thifanni Harumi"]
[Result "1/2-1/2"]
[WhiteElo "1634"]
[BlackElo "1778"]
[PlyCount "99"]
[EventDate "2021.10.28"]
[EventRounds "11"]
[EventCountry "BRA"]

1. e4 c5 2. Nf3 d6 3. d4 cxd4 4. Nxd4 Nf6 5. f3 a6 6. c4 e6 7. Be3 Be7 8. Nc3
O-O 9. Be2 Nc6 10. Qd2 Qc7 11. O-O Rd8 12. Rac1 b6 13. Rfd1 Bd7 14. b3 Rab8 15.
Kh1 Qb7 16. Nc2 Be8 17. Bf1 Ne5 18. Qf2 b5 19. cxb5 axb5 20. Nd4 b4 21. Ncb5
Rbc8 22. Qd2 d5 23. Bf4 Ng6 24. Rxc8 Rxc8 25. e5 Nh5 26. Bg5 Nxe5 27. Bxe7 Qxe7
28. Rc1 Rxc1 29. Qxc1 Nf6 30. Qc7 Qxc7 31. Nxc7 Kf8 32. Na6 Ke7 33. Nxb4 Kd6
34. a3 Nc6 35. Ndxc6 Bxc6 36. Nxc6 Kxc6 37. b4 d4 38. Kg1 e5 39. Kf2 Nd5 40.
Bc4 Ne3 41. Bxf7 Nc2 42. Be8+ Kb6 43. Ke2 Nxa3 44. Kd3 Nb5 45. Bf7 Nd6 46. Bg8
h6 47. f4 exf4 48. Kxd4 Kb5 49. Ke5 Ne8 50. Kxf4  1/2-1/2

[Event "60o Campeonato Brasileiro Feminino Final Aberta"]
[Site "Cuiaba MT"]
[Date "2021.11.02"]
[Round "9"]
[Board "13"]
[White "Dias, Juliane De Oliveira"]
[Black "Bonfim, Regina Rodrigues"]
[Result "0-1"]
[WhiteElo "1673"]
[BlackElo "1702"]
[PlyCount "86"]
[EventDate "2021.10.28"]
[EventRounds "11"]
[EventCountry "BRA"]

1. e4 c5 2. Nf3 d6 3. d4 cxd4 4. Nxd4 Nf6 5. Nc3 a6 6. Be2 e5 7. Nb3 Be6 8. O-O
b5 9. a3 Nbd7 10. Be3 Be7 11. f3 O-O 12. Nd2 Rc8 13. Kh1 Nb6 14. f4 Nc4 15.
Nxc4 Bxc4 16. Rf3 Bxe2 17. Qxe2 Rc4 18. Bg1 Qc7 19. fxe5 dxe5 20. Raf1 Qc6 21.
Rxf6 Bxf6 22. Nd5 Bd8 23. c3 Qg6 24. Rf5 Re8 25. Be3 Rxe4 26. Qf3 Rc4 27. b3
Rc8 28. Qh3 Rc6 29. Qf3 Rce6 30. Qf2 f6 31. a4 bxa4 32. bxa4 Qf7 33. Qh4 g6 34.
Rf1 f5 35. Qb4 f4 36. Bd2 g5 37. c4 h5 38. c5 g4 39. Bc3 f3 40. gxf3 gxf3 41.
Qe4 f2 42. c6 Rf8 43. Bxe5 Rxe5  0-1

[Event "60o Campeonato Brasileiro Feminino Final Aberta"]
[Site "Cuiaba MT"]
[Date "2021.11.02"]
[Round "9"]
[Board "14"]
[White "Da Cunha, Gabriela Goes"]
[Black "Montes, Sofia"]
[Result "1/2-1/2"]
[WhiteElo "1588"]
[BlackElo "1836"]
[PlyCount "56"]
[EventDate "2021.10.28"]
[EventRounds "11"]
[EventCountry "BRA"]

1. d4 d5 2. Nc3 Nf6 3. Bf4 c6 4. e3 Bf5 5. f3 e6 6. g4 Bg6 7. h4 h6 8. Bd3 Bxd3
9. Qxd3 Bd6 10. Nge2 Qc7 11. Bxd6 Qxd6 12. O-O-O Nbd7 13. Rdg1 O-O-O 14. Ng3
Nh7 15. f4 Ndf6 16. Qe2 g5 17. Qf3 gxf4 18. exf4 Nd7 19. g5 Ndf8 20. Nce2 Qe7
21. Qh5 hxg5 22. hxg5 Ng6 23. Qg4 Rdg8 24. Rh6 f6 25. Qh5 Nhf8 26. f5 Rxh6 27.
gxh6 exf5 28. Qxf5+ Kc7  1/2-1/2

[Event "60o Campeonato Brasileiro Feminino Final Aberta"]
[Site "Cuiaba MT"]
[Date "2021.11.02"]
[Round "9"]
[Board "15"]
[White "Eger, Laura Luisa"]
[Black "Almeida, Bianca Martins"]
[Result "1-0"]
[WhiteElo "1767"]
[BlackElo "1262"]
[PlyCount "99"]
[EventDate "2021.10.28"]
[EventRounds "11"]
[EventCountry "BRA"]

1. e4 e5 2. Nf3 Nf6 3. Nxe5 Qe7 4. d4 d6 5. Nf3 Qxe4+ 6. Qe2 Bf5 7. c3 Nbd7 8.
Nbd2 Qxe2+ 9. Bxe2 O-O-O 10. O-O Bg4 11. h3 Bxf3 12. Bxf3 Nb6 13. a4 d5 14. a5
Nbd7 15. c4 c5 16. dxc5 Nxc5 17. cxd5 Nxd5 18. Ne4 Nxe4 19. Bxe4 Be7 20. a6 b6
21. Rd1 Nf6 22. Bb7+ Kc7 23. Bf4+ Rd6 24. Rac1+ Kd7 25. Bxd6 Bxd6 26. Rc6 Ne8
27. Rc8 f5 28. Ra8 Rf8 29. Rxa7 Nc7 30. Bf3 Ke6 31. Rxc7 Bxc7 32. a7 Be5 33. b3
g5 34. a8=Q Rxa8 35. Bxa8 h5 36. Bc6 g4 37. hxg4 fxg4 38. g3 Bf6 39. Be8 h4 40.
gxh4 Bxh4 41. Bd7+ Ke5 42. Bxg4 Be7 43. Re1+ Kd6 44. Rxe7 Kxe7 45. Kf1 Kd6 46.
Ke2 Kc5 47. Kd3 b5 48. Ke4 Kd6 49. b4 Kc6 50. Be2  1-0

[Event "60o Campeonato Brasileiro Feminino Final Aberta"]
[Site "Cuiaba MT"]
[Date "2021.11.02"]
[Round "9"]
[Board "16"]
[White "Penha, Evelyn Maximiano"]
[Black "Reis, Virginia Lagrange M."]
[Result "1/2-1/2"]
[WhiteElo "1672"]
[BlackElo "1741"]
[PlyCount "40"]
[EventDate "2021.10.28"]
[EventRounds "11"]
[EventCountry "BRA"]

1. e4 c5 2. Nc3 Nc6 3. f4 g6 4. Nf3 Bg7 5. Bb5 e6 6. Bxc6 bxc6 7. d3 Rb8 8. O-O
Ne7 9. Qe1 O-O 10. Kh1 d5 11. e5 Nf5 12. Na4 Qe7 13. Qc3 Rb5 14. b3 f6 15. Ba3
d4 16. Qd2 Rd8 17. Nb2 Qc7 18. Na4 Rd5 19. Rae1 fxe5 20. Nxe5 Bh6  1/2-1/2

[Event "60o Campeonato Brasileiro Feminino Final Aberta"]
[Site "Cuiaba MT"]
[Date "2021.11.02"]
[Round "9"]
[Board "17"]
[White "Bokhonok, Tatiana Dos Santos Spin"]
[Black "Oliveira, Emanuelle Alves"]
[Result "0-1"]
[WhiteElo "1230"]
[BlackElo "1683"]
[PlyCount "118"]
[EventDate "2021.10.28"]
[EventRounds "11"]
[EventCountry "BRA"]

1. d4 Nf6 2. Bf4 c5 3. e3 Qb6 4. Nc3 cxd4 5. exd4 e6 6. Nb5 d6 7. Nf3 a6 8. Nc3
Qxb2 9. Na4 Qb4+ 10. c3 Qa5 11. Qb3 b5 12. Nb2 Bb7 13. a4 Ne4 14. Bd2 Nxd2 15.
Nxd2 d5 16. Nd3 Bd6 17. Nb4 Nc6 18. Ra2 Nxb4 19. cxb4 Qxb4 20. Qxb4 Bxb4 21.
axb5 axb5 22. Rxa8+ Bxa8 23. Bxb5+ Ke7 24. Ke2 Bxd2 25. Kxd2 Rb8 26. Bd3 h6 27.
Ra1 Bc6 28. Ra7+ Kf6 29. Ra6 Bb5 30. Ra3 Bxd3 31. Rxd3 Rb2+ 32. Ke3 g5 33. Kf3
h5 34. h3 Rb1 35. Kg3 Re1 36. Rf3+ Kg6 37. Rd3 Rb1 38. f4 h4+ 39. Kg4 f5+ 40.
Kf3 Rf1+ 41. Ke2 Rxf4 42. Re3 Re4 43. Kd3 Rxe3+ 44. Kxe3 f4+ 45. Kf3 Kf5 46.
g4+ fxg3 47. Ke3 g2 48. Kf2 Ke4 49. Kxg2 Kxd4 50. Kf2 Kd3 51. Ke1 Kc2 52. Ke2
d4 53. Kf3 d3 54. Ke4 d2 55. Ke5 d1=Q 56. Kxe6 Qf3 57. Ke5 Kd3 58. Kd6 Qf5 59.
Kc6 Qe5  0-1

[Event "60o Campeonato Brasileiro Feminino Final Aberta"]
[Site "Cuiaba MT"]
[Date "2021.11.02"]
[Round "9"]
[Board "18"]
[White "Braga, Debora Abade"]
[Black "Brambilla, Renee Blandy T."]
[Result "1-0"]
[WhiteElo "1480"]
[BlackElo "1671"]
[PlyCount "59"]
[EventDate "2021.10.28"]
[EventRounds "11"]
[EventCountry "BRA"]

1. d4 Nf6 2. e3 g6 3. f4 Bg7 4. Bd3 d6 5. Nf3 Nc6 6. c3 O-O 7. O-O e5 8. Nbd2
Re8 9. Bc2 Nd5 10. Nc4 exf4 11. e4 Nf6 12. d5 b5 13. Re1 bxc4 14. dxc6 Nd7 15.
cxd7 Bxd7 16. Bxf4 Rb8 17. Rb1 Rb5 18. Ba4 Rh5 19. Bxd7 Qxd7 20. e5 Qf5 21. Qa4
Rxe5 22. Bxe5 dxe5 23. Qxc4 Bh6 24. Rbd1 Bf4 25. Qe4 Qg4 26. Rd5 f5 27. Rd8+
Kg7 28. Qb4 c5 29. Qxc5 Be3+ 30. Rxe3  1-0